World history : people and nations (Record no. 91307)

MARC details
000 -LEADER
fixed length control field 00444nam a2200169Ia 4500
008 - FIXED-LENGTH DATA ELEMENTS--GENERAL INFORMATION
fixed length control field 230125s9999 xx 000 0 und d
041 ## - LANGUAGE CODE
Language code of text/sound track or separate title eng
082 ## - DEWEY DECIMAL CLASSIFICATION NUMBER
Classification number 909
Item number MAZ
100 ## - MAIN ENTRY--PERSONAL NAME
Personal name Mazour A G
9 (RLIN) 114030
245 ## - TITLE STATEMENT
Title World history : people and nations
260 ## - PUBLICATION, DISTRIBUTION, ETC. (IMPRINT)
Date of publication, distribution, etc. 1990
Name of publisher, distributor, etc. Harcourt Asia
Place of publication, distribution, etc. New York
300 ## - PHYSICAL DESCRIPTION
Extent 1005p
500 ## - GENERAL NOTE
Keywords World history
650 ## - SUBJECT ADDED ENTRY--TOPICAL TERM
Topical term or geographic name as entry element General
700 ## - ADDED ENTRY--PERSONAL NAME
Personal name Mazour A G & Peoples J M
9 (RLIN) 114031
Holdings
Withdrawn status Lost status Damaged status Not for loan Home library Current library Date acquired Vendor Cost, normal purchase price Bill number Total Checkouts Full call number Barcode Date last seen Cost, replacement price Bill Date Koha item type Original Barcode
        Smt. Hiraben Nanavati Institute of Management & Research for Women Smt. Hiraben Nanavati Institute of Management & Research for Women 28/07/2003 Sheetal book centre 100.00 1896   909 MAZ B03535 HIMR-BK-3535 25/01/2023 100.00 19/07/2003 Books B03535